| 000 | 00941cam a2200217 i 4500 | ||
|---|---|---|---|
| 005 | 20251119122149.0 | ||
| 008 | 250721s1989 jo gr 000 0 ara d | ||
| 082 | 1 | 4 |
_a210.461589 _bع ب د |
| 100 | 1 |
_aالسعيد، عبد الله عبد الرازق مسعود _eمؤلف. |
|
| 245 | 1 | 2 |
_aالحبة السوداء : _bحبة البركة / _cتأليف الدكتور عبد الله عبد الرازق مسعود السعيد. |
| 250 | _aالطبعة الأولى. | ||
| 264 | 3 | 1 |
_aعمان : _bدار الضياء، _c1989. |
| 300 | _a64 صفحة. | ||
| 490 | 0 |
_aمن الإعجاز الطبي في الأحاديث النبوية الشريفة ؛ _vرقم 1. |
|
| 650 | 1 | 7 | _aالإسلام. |
| 650 | 1 | 7 | _aالطب الشعبي. |
| 650 | 1 | 7 | _aالنباتات الطبية. |
| 830 | 0 | _aمن الإعجاز الطبي في الأحاديث النبوية الشريفة. | |
| 942 |
_2ddc _cBK |
||
| 999 |
_c1845 _d1845 |
||